• 首页
  • 本馆介绍
  • 公告通知
  • 最新文献
  • 馆藏检索
  • 电子资源
  • 读者导购
  • 参考咨询
  • 我的图书馆
  • 登录
  • 详细信息显示
  • 放入我的书架
  • 预约/预借图书
  • 作者相关作品
  • 分类相关作品
  • 丛书相关作品
  • 出版社相关作品

书目信息

  • 表格格式
  • 工作单格式
  • 卡片格式
题名:
战士的荣耀
    
 
作者: 叶礼庭 著 ;成起宏 译
分册:  
出版信息: 北京   中央编译出版社  2017
页数: 12, 214页, [10] 页图版
开本: 21cm
丛书名: 叶礼庭作品
单 册:
中图分类: D062
科图分类:
主题词: 民族战争--min zu zhan zheng--文集
电子资源:
ISBN: 978-7-5117-3366-5
000 01884nam 2200325 450
001 012017000151
005 20180111091235.26
010    @a978-7-5117-3366-5@b@dCNY38.00
100    @a20171020d2017 em y0chiy0121 ea
101 1  @achi@ceng
102    @aCN@b110000
105    @aaf a 001yy
106    @ar
200 1  @a战士的荣耀@Azhan shi de rong yao@e民族战争与现代良知@f(加) 叶礼庭著@d= The warrior's honor@eethnic war and the modern conscience Michael Ignatieff@fMichael Ignatieff@g成起宏译@zeng
210    @a北京@c中央编译出版社@d2017
215    @a12, 214页, [10] 页图版@c图@d21cm
225 2  @a叶礼庭作品@Aye li ting zuo pin@v02
314    @a叶礼庭 (Michael Ignatieff, 1947-), 当今世界最具影响力、最敏锐的政治家、知识分子之一。成起宏, 毕业于南开大学, 经济学硕士。
320    @a有书目和索引
330    @a在我们生活的这个世界, 军阀、歹徒与准军事部队不断涌现, 将战争推向一个前所未有的野蛮水平: 数百万人死于内战与屠杀, 平民与士兵毫无尊严地倒在枪口之下, 暴力使昨日的邻居变成今天的仇人。然而, 事情非得如此吗? 叶礼庭穿梭于各种民族战争景象之中, 跟随联合国秘书长探访卢旺达大屠杀背后的政治势力, 与国际红十字会一起在阿富汗经历严重的人道危机……身处这些残忍、血腥、反人道的战争之中, 叶礼庭几近绝望, 但同时他看到了我们可能的出路: 新的国际道德干预主义者 (救援队、战地记者与外交官) 试图在世界范围内弥补人类的身体与精神创伤, 而“战士的荣耀”准则随着一系列国际公约的签署, 在我们心中存续, 帮助我们从战争与野蛮中醒悟过来。
410  0 @12001 @a叶礼庭作品@v02
500 10 @aWarrior's honor : ethnic war and the modern conscience@mChinese
517 1  @a民族战争与现代良知@Amin zu zhan zheng yu xian dai liang zhi
606 0  @a民族战争@Amin zu zhan zheng@j文集
690    @aD062@v5
701  0 @a叶礼庭@Aye li ting@g(Ignatieff, Michael),@f1947-@4著
702  0 @a成起宏@Acheng qi hong@4译
801  0 @aCN@b湖北三新@c20171206@g
905    @aBZT@dD062@e1
906    @dCNY38.00@n5@r1
    
    战士的荣耀:民族战争与现代良知/(加) 叶礼庭著= The warrior's honor:ethnic war and the modern conscience Michael Ignatieff/Michael Ignatieff/成起宏译.-北京:中央编译出版社,2017
    12, 214页, [10] 页图版:图;21cm.-(叶礼庭作品;02)
    
    
    ISBN 978-7-5117-3366-5:CNY38.00
    在我们生活的这个世界, 军阀、歹徒与准军事部队不断涌现, 将战争推向一个前所未有的野蛮水平: 数百万人死于内战与屠杀, 平民与士兵毫无尊严地倒在枪口之下, 暴力使昨日的邻居变成今天的仇人。然而, 事情非得如此吗? 叶礼庭穿梭于各种民族战争景象之中, 跟随联合国秘书长探访卢旺达大屠杀背后的政治势力, 与国际红十字会一起在阿富汗经历严重的人道危机……身处这些残忍、血腥、反人道的战争之中, 叶礼庭几近绝望, 但同时他看到了我们可能的出路: 新的国际道德干预主义者 (救援队、战地记者与外交官) 试图在世界范围内弥补人类的身体与精神创伤, 而“战士的荣耀”准则随着一系列国际公约的签署, 在我们心中存续, 帮助我们从战争与野蛮中醒悟过来。
●
相关链接 在五车中查询图书 在当当中查询图书 在豆瓣中查询图书


正题名:战士的荣耀     索取号:D062/1         预约/预借

序号 登录号 条形码 馆藏地/架位号 状态 备注
1 843475   2000843475   第二书库/ [索取号:D062/1] 在馆    
2 843476   2000843476   第二书库/ [索取号:D062/1] 在馆    
3 843477   2000843477   第二书库/ [索取号:D062/1] 在馆    
4 843478   2000843478   第二书库/ [索取号:D062/1] 在馆    
5 843479   2000843479   思政阅览室/思1架B面2层8列/ [索取号:D062/1] 在馆    
山东省滨州职业学院图书馆 欢迎您!
大连网信软件有限公司© 版权所有